Néstor kirchner : un muchacho peronista y la oportunidad del poder /

Guardado en:
Autor Principal: Garrone, Valeria
Otros Autores: Rocha, Laura
Formato: Libro
Publicado: Buenos Aires : Planeta
Materias:
Etiquetas: Agregar Etiqueta
Sin Etiquetas, Sea el primero en etiquetar este registro!
LEADER 00561nam a22001815a 4500
001 CEM.cems011383
005 20071002174144.0
008 130507b######################000#0#####d
003 CEMS
082 0 4 |a 923 
100 1 |a Garrone, Valeria 
245 1 0 |a Néstor kirchner :  |b un muchacho peronista y la oportunidad del poder /  |c Valeria Garrone, Laura Rocha 
260 |a Buenos Aires :  |b Planeta 
300 |a 223 p. 
653 |a Biografías 
653 |a Kirchner, néstor-biografía 
700 1 |a Rocha, Laura 
859 |a CEMS  |b BIB. CEMS - 11 de abril  |h 923  |i K654G  |p 22319.03  |t Ej.1